Credit performance of RRBs (Regional Rural Banks) - case study (Record no. 4351)

000 -LEADER
fixed length control field 00402pab a2200157 454500
008 - FIXED-LENGTH DATA ELEMENTS--GENERAL INFORMATION
fixed length control field 180718b1987 xxu||||| |||| 00| 0 eng d
100 ## - MAIN ENTRY--PERSONAL NAME
Personal name Satyanarayana, I.
245 ## - TITLE STATEMENT
Title Credit performance of RRBs (Regional Rural Banks) - case study
260 ## - PUBLICATION, DISTRIBUTION, ETC.
Date of publication, distribution, etc. 1987
300 ## - PHYSICAL DESCRIPTION
Extent 402 - 6
362 ## - DATES OF PUBLICATION AND/OR SEQUENTIAL DESIGNATION
Dates of publication and/or sequential designation June
650 ## - SUBJECT ADDED ENTRY--TOPICAL TERM
Topical term or geographic name entry element Banks - India
700 ## - ADDED ENTRY--PERSONAL NAME
Personal name Ch. Rushyendra Rao
773 ## - HOST ITEM ENTRY
Main entry heading Khadi Gramodyog
909 ## -
-- 4351
Holdings
Withdrawn status Lost status Damaged status Not for loan Permanent Location Current Location Date acquired Serial Enumeration / chronology Barcode Date last seen Price effective from Koha item type
        Indian Institute of Public Administration Indian Institute of Public Administration 2018-07-19 Volume no: 33, Issue no: 9 AR4354 2018-07-19 2018-07-19 Articles

Powered by Koha